LEADER 01231oam 2200337z- 450 001 996281113703316 005 20160810081600.0 010 $a0-7695-5037-1 035 $a(CKB)3460000000126494 035 $a(EXLCZ)993460000000126494 100 $a20220622c2013uuuu -u- - 101 0 $aeng 200 10$a2013 International Symposium on Voronoi Diagrams in Science and Engineering $eISVD 2013, proceedings, 8-10 July 2013, Saint Petersburg, Russia /$fMarina Gavrilova, Kira Vyatkina, eds 210 $cIEEE 311 $a1-4799-0548-8 517 $aVoronoi Diagrams in Science and Engineering 606 $aVoronoi polygons$vCongresses 606 $aScience$xMathematics$vCongresses 606 $aEngineering mathematics$vCongresses 615 0$aVoronoi polygons 615 0$aScience$xMathematics 615 0$aEngineering mathematics 676 $a516.22 701 $aGavrilova$b Marina L$01242240 701 $aVyatkina$b Kira$01242241 712 02$aInstitute of Electrical and Electronics Engineers. 712 02$aIEEE Computer Society. 906 $aPROCEEDING 912 $a996281113703316 996 $a2013 International Symposium on Voronoi Diagrams in Science and Engineering$92881561 997 $aUNISA